MORALISTS AND MANAGERS (Record no. 1100)

000 -LEADER
fixed length control field 00324nam a22001097a 4500
008 - FIXED-LENGTH DATA ELEMENTS--GENERAL INFORMATION
fixed length control field 150826b xxu||||| |||| 00| 0 eng d
020 ## - INTERNATIONAL STANDARD BOOK NUMBER
International Standard Book Number 0385115326
082 ## -
Classification number 658.304 GUI
100 ## - MAIN ENTRY--PERSONAL NAME
Personal name GUINTHER, JOHN
245 ## - TITLE STATEMENT
Title MORALISTS AND MANAGERS
Remainder of title PUBLIC INTEREST MOVEMENTS IN AMERICA
260 ## - PUBLICATION, DISTRIBUTION, ETC. (IMPRINT)
Place of publication, distribution, etc. NEW YORK
Name of publisher, distributor, etc. ANCHOR PRESS/DOUBLEDAY
Date of publication, distribution, etc. 1976

No items available.

IRDP © 2019 :: Managed by IRDP ICT Unit